000 00639nam a22002297a 4500
003 UA-OsUOA
001 84975
007 ta
008 20120613b un ||||| |||| 00| 0 ukr d
100 _aОрищук М.
090 _a811.133.1
_bО-65
942 _cBK
040 _aUA-OsUOA
_bukr
_cUA-OsUOA
_dUA-OsUOA
245 _aПідручник французької мови
300 _a148 с.
955 _a2
041 _aukr
080 _a811.133.1
260 _aМонреаль
_c1979
650 7 _a8 Мовознавство. Художня література. Літературознавство
_2UDC
999 _c371289
_d371289